| 000 | 00767cam a22002533a 4500 | ||
|---|---|---|---|
| 001 | 657 | ||
| 003 | PGUSA | ||
| 005 | 20140828082951.0 | ||
| 008 | 960901s1996||||xxu|||||s|||||000 | eng d | ||
| 040 |
_aPGUSA _beng |
||
| 042 | _adc | ||
| 050 | 4 | _aDA | |
| 245 | 1 | 4 |
_aThe Anglo-Saxon Chronicle _h[electronic resource] |
| 260 |
_bProject Gutenberg, _c1996 |
||
| 506 | _aPublic domain in the USA. | ||
| 516 | _aElectronic text | ||
| 653 | _aAnglo-Saxons -- Early works to 1800 | ||
| 653 | _aGreat Britain -- History -- Anglo-Saxon period, 449-1066 -- Sources | ||
| 700 | 1 |
_aIngram, J. _q(James), _d1774-1850 |
|
| 700 | 1 |
_aGiles, J. A. _q(John Allen), _d1808-1884 |
|
| 830 | 0 |
_aProject Gutenberg _v657 |
|
| 856 | 4 | 0 | _uhttp://www.gutenberg.org/ebooks/657 |
| 942 | _cEB | ||
| 999 |
_c230008 _d230008 |
||